|
|
|
|
| LEADER |
00800nam a2200253 4500 |
| 001 |
DLU180184242 |
| 005 |
##20180404 |
| 040 |
# |
# |
|a DLU
|b vie
|
| 041 |
# |
# |
|a vie
|
| 044 |
# |
# |
|a vn
|
| 100 |
# |
# |
|a Vũ Dương Ninh.
|
| 245 |
# |
# |
|a Hành trình tìm kiếm hòa bình đi qua 9 năm chiến tranh (1945-1954) /
|c Vũ Dương Ninh.
|
| 653 |
# |
# |
|a Đấu tranh giải phóng dân tộc
|
| 653 |
# |
# |
|a Hiệp định Geneve
|
| 653 |
# |
# |
|a Kháng chiến chống Pháp
|
| 773 |
# |
# |
|t Nghiên cứu lịch sử
|g Số 7(459), 2014, tr. 13-22
|
| 920 |
# |
# |
|a Phòng Tạp chí -- Trung tâm Thông tin - Thư viện Trường Đại học Đà Lạt
|
| 900 |
# |
# |
|a True
|
| 911 |
# |
# |
|a Nguyễn Thị Thu Phương
|
| 925 |
# |
# |
|a G
|
| 926 |
# |
# |
|a A
|
| 927 |
# |
# |
|a BB
|
| 980 |
# |
# |
|a Thư viện Trường Đại học Đà Lạt
|